Statistics for Arctic Monkeys Lyrics - This House Is A Circus

Click here to take the quiz!

General Stats

  • This quiz has been taken 39 times
  • The average score is 213 of 281

Answer Stats

Lyrics% Correct
a
100%
as
100%
be
100%
circus,
100%
house
100%
is
100%
This
100%
f***
97%
that
97%
the
97%
The
97%
to
97%
we
97%
We
97%
for
93%
perk,
93%
see
93%
tend
93%
and
90%
And
90%
end
90%
feel
90%
feeling
90%
in
90%
last
90%
me
90%
pretend
90%
thing
90%
berserk
87%
want
87%
you
87%
your
87%
are
83%
friends
83%
it's
83%
Look
83%
memories
83%
they
83%
(Like
80%
Like
80%
Their
80%
There's
80%
there's
80%
what
80%
dead
77%
search
77%
clues
73%
clues)
73%
done
73%
eyes
73%
forever
73%
Forever
73%
murder
73%
men's
70%
room
67%
though
67%
why)
67%
why
67%
at
63%
of
63%
unfulfilled)
63%
unfulfilled
63%
(Can't
60%
can't
60%
had
60%
trouble
60%
(We're
60%
we're
60%
go
57%
lovers
57%
think
57%
you're
57%
lads
53%
lovely
50%
make
50%
not
50%
Those
50%
well
50%
full
47%
more
47%
out
47%
too
47%
all
43%
now)
43%
Now
43%
performance
43%
sinners
43%
such
43%
who
43%
Aimlessly
40%
far
40%
forcing
40%
here,
40%
important
40%
leading
40%
may
40%
some
40%
ways
40%
with
40%
attention
37%
life,
37%
looks
37%
mouth,
37%
notion
37%
obnoxious,
37%
obnoxious
37%
open
37%
struggling
37%
around
33%
collect
33%
familiar
33%
film
33%
forget
33%
gazing
33%
venom
33%
certainly
30%
Scaling
30%
won't
30%
corridors
27%
into
27%
faces
23%
(Give
23%
give
23%
maze
23%
incidents
20%
maidens
20%
slipping
20%
Wriggling
20%
anomaly
17%
ones
17%
kiln
10%

Score Distribution

Percentile by Number Answered

Percent of People with Each Score

Your Score History

You have not taken this quiz